مكتبة جامعة عجلون الوطنية

فهرس بحث المكتبة

Normal view MARC view
  • اداب المهنة - تكنولوجيا المعلومات -الحواسيب

Entry Topical Term

Number of records used in: 1

001 - CONTROL NUMBER

  • control field: 30235

003 - CONTROL NUMBER IDENTIFIER

  • control field: JO-AjAnu

005 - DATE AND TIME OF LATEST TRANSACTION

  • control field: 20230606075113.0

008 - FIXED-LENGTH DATA ELEMENTS

  • fixed length control field: 230606|| aca||aabn | a|a d

040 ## - CATALOGING SOURCE

  • Original cataloging agency: JO-AjAnu
  • Transcribing agency: JO-AjAnu

150 ## - HEADING--TOPICAL TERM

  • Topical term or geographic name entry element: اداب المهنة - تكنولوجيا المعلومات -الحواسيب

670 ## - SOURCE DATA FOUND

  • Source citation: Work cat.: (JO-AjAnu)15529: تأليف :المهداوي ، سعد عبدالستار مهدي , author 30234, الجوانب الاخلاقية والمهنية في تكنولوجيا المعلومات =ETHICAL And professional issues in formation technology